Minecraft Movie Quiz 2 - Statistics

General Stats
  • This quiz has been taken 118 times
    116 since last reset
  • The average score is 8 of 15
Answer Stats
Hint Answer % Correct
The actor playing Steve Jack Black
95%
The actor playing The Garbage Man Jason Momoa
91%
The item that lets you fly Elytra
82%
The pink fleeced mob Sheep
82%
Villagers love crushing what? a loaf
80%
What year was the minecraft movie announced? 2016
75%
Finish this quote: "This is a.." Crafting Table
63%
Finish this quote: "Anything you can dream about here..." You can make
56%
Finish this quote: "Relax it's just an..." Iron Golem
55%
The actor playing Natalie Emma Myers
26%
The name of the village Midport Village
21%
Finish this quote: "Let's go to..." The Stash
21%
The actor playing Henry Sebastian Eugene Hansen
15%
The actor playing Dawn Danielle Brooks
13%
What does Henry craft? A Potato Gun
9%
No matching quizzes found
Score Distribution
Percent of People with Each Score
Percentile by Number Answered
Your Score History
You have not taken this quiz since the last reset